000 00566nam a2200193Ia 4500
003 IN-BaIIA
008 211028s9999 xx 000 0 eng d
020 _a81-7409-168-8
040 _cIIA Library
080 _a728
_bVER
100 _aVerma, B. P
_910308
245 0 _aCivil engineering drawing and house planning
_cB. P. Verma
250 _a11th ed.
260 _aDelhi
_bKhanna Publishers
_c2003
300 _a152p.
650 _aDrawing standards
_929060
650 _aPlanning principles
_929061
942 _cBK
999 _c15756
_d15756